| Tag |
First Indicator |
Second Indicator |
Subfields |
| LEADER |
00000cam a2200000 a 4500 |
| 001 |
in00000970293 |
| 005 |
20150927112517.0 |
| 008 |
900323s1990 nyu b 00100 eng |
| 010 |
|
|
|a 90004430
|
| 020 |
|
|
|a 1560240539 (alk. paper) :
|c $39.95
|
| 035 |
|
|
|a (OCoLC)21335980
|
| 035 |
|
|
|9 AEW4333AM
|
| 040 |
|
|
|a DLC
|c DLC
|d UtOrBLW
|
| 049 |
|
|
|a TXAM
|
| 050 |
0 |
0 |
|a HQ1180
|b .W675 1990b
|
| 082 |
0 |
0 |
|a 305.4/072
|2 20
|
| 245 |
0 |
0 |
|a Women online :
|b research in women's studies using online databases /
|c Steven D. Atkinson, Judith Hudson, editors.
|
| 264 |
|
1 |
|a New York :
|b Haworth Press,
|c [1990]
|
| 264 |
|
4 |
|c ©1990
|
| 300 |
|
|
|a 420 pages :
|b illustrations ;
|c 22 cm.
|
| 336 |
|
|
|a text
|b txt
|2 rdacontent
|
| 337 |
|
|
|a unmediated
|b n
|2 rdamedia
|
| 338 |
|
|
|a volume
|b nc
|2 rdacarrier
|
| 490 |
1 |
|
|a Haworth series on library and information science ;
|v v. 3
|
| 504 |
|
|
|a Includes bibliographical references.
|
| 650 |
|
0 |
|a Women
|x Research
|x Databases.
|
| 650 |
|
0 |
|a Women's studies
|x Databases.
|
| 650 |
|
0 |
|a Women
|v Bibliography
|x Databases.
|
| 700 |
1 |
|
|a Hudson, Judith.
|
| 700 |
1 |
|
|a Atkinson, Steven D.,
|d 1953-
|
| 830 |
|
0 |
|a Haworth series on library and information science ;
|v v. 3.
|
| 999 |
|
|
|a MARS
|
| 999 |
f |
f |
|s 440fb070-7a5d-365a-8ed7-963f53ceadfd
|i 5dba2498-8cb3-33f8-a60c-410e5b86a650
|t 0
|
| 952 |
f |
f |
|p ric
|a Texas A&M University
|b Rellis Campus
|c Joint Library Facility
|d Remote Storage
|t 0
|e HQ1180 .W675 1990b
|h Library of Congress classification
|i unmediated -- volume
|m A14814024209
|
| 998 |
f |
f |
|a HQ1180 .W675 1990b
|t 0
|l Remote Storage
|